| 000 | 01253nam a2200325Ia 4500 | ||
|---|---|---|---|
| 001 | ebr10688106 | ||
| 003 | CaPaEBR | ||
| 006 | m u | ||
| 007 | cr cn||||||||| | ||
| 008 | 080520s2008 si a sb 001 0 eng d | ||
| 020 | _z9812814558 | ||
| 020 | _z9789812814555 | ||
| 020 | _z9789812814562 | ||
| 040 |
_aCaPaEBR _cCaPaEBR |
||
| 035 | _a(OCoLC)820944529 | ||
| 050 | 1 | 4 |
_aQ325.5 _b.G37 2008eb |
| 082 | 0 | 4 |
_a006.31 _223 |
| 100 | 1 | _aGartner, Thomas. | |
| 245 | 1 | 0 |
_aKernels for structured data _h[electronic resource] / _cThomas Gartner. |
| 260 |
_aSingapore ; _aHackensack, NJ : _bWorld Scientific, _cc2008. |
||
| 300 |
_axvii, 197 p. : _bill. |
||
| 490 | 0 |
_aSeries in machine perception and artificial intelligence ; _vv. 72 |
|
| 504 | _aIncludes bibliographical references (p. 179-190) and index. | ||
| 533 |
_aElectronic reproduction. _bPalo Alto, Calif. : _cebrary, _d2013. _nAvailable via World Wide Web. _nAccess may be limited to ebrary affiliated libraries. |
||
| 650 | 0 | _aMachine learning. | |
| 650 | 0 | _aKernel functions. | |
| 655 | 7 |
_aElectronic books. _2local |
|
| 710 | 2 | _aebrary, Inc. | |
| 856 | 4 | 0 |
_uhttp://site.ebrary.com/lib/rucke/Doc?id=10688106 _zAn electronic book accessible through the World Wide Web; click to view |
| 999 |
_c29806 _d29806 |
||